[Event "European Chess Club Cup 2023"]
[Site "Durres, Albania"]
[Date "2023.10.07"]
[Round "7.36"]
[White "Sanz Wawer, Daniel"]
[Black "Maze, Sebastien"]
[Result "0-1"]
[TimeControl "90' + 30' & 30\""]
[WhiteElo "2359"]
[BlackElo "2546"]

1. d4 {[%clk 01:30:56]} {[%emt 00:00:04]} Nf6 {[%clk 01:30:57]} {[%emt
00:00:04]} 2. Nf3 {[%clk 01:31:18]} {[%emt 00:00:08]} g6 {[%clk 01:31:12]}
{[%emt 00:00:14]} 3. Bf4 {[%clk 01:31:43]} {[%emt 00:00:05]} d6 {[%clk
01:30:12]} {[%emt 00:01:30]} 4. e3 {[%clk 01:28:51]} {[%emt 00:03:23]} Bg7
{[%clk 01:30:18]} {[%emt 00:00:24]} 5. h3 {[%clk 01:29:03]} {[%emt 00:00:18]}
O-O {[%clk 01:30:42]} {[%emt 00:00:06]} 6. Be2 {[%clk 01:29:12]} {[%emt
00:00:21]} b6 {[%clk 01:30:48]} {[%emt 00:00:24]} 7. O-O {[%clk 01:29:31]}
{[%emt 00:00:10]} Bb7 {[%clk 01:31:15]} {[%emt 00:00:02]} 8. c4 {[%clk
01:29:05]} {[%emt 00:00:57]} Nbd7 {[%clk 01:31:17]} {[%emt 00:00:28]} 9. Nc3
{[%clk 01:29:17]} {[%emt 00:00:18]} Ne4 {[%clk 01:30:53]} {[%emt 00:00:55]} 10.
Nxe4 {[%clk 01:29:40]} {[%emt 00:00:07]} Bxe4 {[%clk 01:31:21]} {[%emt
00:00:02]} 11. Nd2 {[%clk 01:30:03]} {[%emt 00:00:07]} Bb7 {[%clk 01:31:45]}
{[%emt 00:00:06]} 12. Bf3 {[%clk 01:30:26]} {[%emt 00:00:08]} Qc8 {[%clk
01:25:35]} {[%emt 00:06:39]} 13. Bh2 {[%clk 01:28:17]} {[%emt 00:02:40]} c5
{[%clk 01:19:40]} {[%emt 00:06:25]} 14. Bxb7 {[%clk 01:26:20]} {[%emt
00:02:27]} Qxb7 {[%clk 01:20:03]} {[%emt 00:00:06]} 15. Nf3 {[%clk 01:25:46]}
{[%emt 00:01:04]} Rfc8 {[%clk 01:18:52]} {[%emt 00:01:41]} 16. Qe2 {[%clk
01:17:22]} {[%emt 00:08:54]} a6 {[%clk 01:18:15]} {[%emt 00:01:07]} 17. a4
{[%clk 01:15:59]} {[%emt 00:01:53]} Rab8 {[%clk 01:16:28]} {[%emt 00:02:17]} 18.
Rfc1 {[%clk 01:05:40]} {[%emt 00:10:49]} Bf6 {[%clk 01:11:57]} {[%emt
00:05:02]} 19. b3 {[%clk 00:58:00]} {[%emt 00:08:10]} Rc7 {[%clk 01:08:53]}
{[%emt 00:03:34]} 20. Ra2 {[%clk 00:55:17]} {[%emt 00:03:13]} b5 {[%clk
01:00:15]} {[%emt 00:09:08]} 21. axb5 {[%clk 00:55:34]} {[%emt 00:00:13]} axb5
{[%clk 01:00:43]} {[%emt 00:00:02]} 22. d5 {[%clk 00:47:35]} {[%emt 00:08:28]}
Ra8 {[%clk 00:57:04]} {[%emt 00:04:09]} 23. Rxa8+ {[%clk 00:32:51]} {[%emt
00:15:14]} Qxa8 {[%clk 00:57:33]} {[%emt 00:00:01]} 24. e4 {[%clk 00:33:11]}
{[%emt 00:00:11]} Ra7 {[%clk 00:54:35]} {[%emt 00:03:28]} 25. cxb5 {[%clk
00:22:28]} {[%emt 00:11:12]} Ra2 {[%clk 00:54:49]} {[%emt 00:00:16]} 26. Qe3
{[%clk 00:21:52]} {[%emt 00:01:07]} Bb2 {[%clk 00:55:07]} {[%emt 00:00:11]} 27.
Rb1 {[%clk 00:20:51]} {[%emt 00:01:31]} f6 {[%clk 00:55:18]} {[%emt 00:00:20]}
28. Bf4 {[%clk 00:18:59]} {[%emt 00:02:21]} Qa5 {[%emt 00:13:33]} 29. Qd3
{[%clk 00:18:38]} {[%emt 00:00:48]} Qc3 {[%clk 00:42:37]} {[%emt 00:00:12]} 30.
Qd1 {[%clk 00:13:58]} {[%emt 00:05:10]} Qa5 {[%clk 00:42:27]} {[%emt 00:00:40]}
31. Qd3 {[%clk 00:13:37]} {[%emt 00:00:51]} Bc3 {[%clk 00:39:22]} {[%emt
00:03:34]} 32. h4 {[%clk 00:12:22]} {[%emt 00:01:46]} Kf7 {[%clk 00:36:44]}
{[%emt 00:03:08]} 33. Rc1 {[%clk 00:10:59]} {[%emt 00:01:53]} Bb4 {[%clk
00:29:18]} {[%emt 00:07:56]} 34. Nh2 {[%clk 00:09:15]} {[%emt 00:02:15]} Bd2
{[%clk 00:28:04]} {[%emt 00:01:43]} 35. Bxd2 {[%clk 00:08:35]} {[%emt
00:01:10]} Rxd2 {[%clk 00:23:08]} {[%emt 00:05:26]} 36. Qe3 {[%clk 00:02:35]}
{[%emt 00:06:29]} Rb2 {[%clk 00:22:55]} {[%emt 00:00:43]} 37. Nf3 {[%clk
00:01:14]} {[%emt 00:01:52]} Qxb5 {[%clk 00:22:22]} {[%emt 00:01:03]} 38. Nd2
{[%clk 00:01:43]} {[%emt 00:00:01]} Qb4 {[%clk 00:17:33]} {[%emt 00:05:19]} 39.
Rd1 {[%clk 00:02:04]} {[%emt 00:00:09]} Kg7 {[%clk 00:16:49]} {[%emt 00:01:14]}
40. h5 {[%clk 00:01:30]} {[%emt 00:01:04]} gxh5 {[%clk 00:13:27]} {[%emt
00:03:52]} 41. Qg3+ {[%clk 00:29:33]} {[%emt 00:02:26]} Kf8 {[%clk 00:40:00]}
{[%emt 00:03:57]} 42. Qf4 {[%clk 00:28:22]} {[%emt 00:01:41]} Ne5 {[%clk
00:34:28]} {[%emt 00:06:03]} 43. Qh6+ {[%clk 00:26:06]} {[%emt 00:02:47]} Kg8
{[%clk 00:34:56]} {[%emt 00:00:01]} 44. Ra1 {[%clk 00:23:48]} {[%emt 00:02:48]}
Qb8 {[%clk 00:35:24]} {[%emt 00:00:02]} 45. Qe3 {[%clk 00:21:02]} {[%emt
00:03:15]} Rc2 {[%clk 00:29:47]} {[%emt 00:06:08]} 46. f4 {[%clk 00:12:27]}
{[%emt 00:09:05]} Ng4 {[%clk 00:29:29]} {[%emt 00:00:48]} 47. Qd3 {[%clk
00:12:30]} {[%emt 00:00:26]} Qb4 {[%clk 00:18:33]} {[%emt 00:11:27]} 48. Ra8+
{[%clk 00:09:56]} {[%emt 00:03:04]} Kg7 {[%clk 00:19:02]} {[%emt 00:00:01]} 49.
Qxc2 {[%clk 00:10:04]} {[%emt 00:00:22]} Qd4+ {[%clk 00:19:31]} 50. Kh1 {[%clk
00:10:27]} {[%emt 00:00:07]} Qf2 {[%clk 00:19:59]} {[%emt 00:00:02]} 51. Qb1
{[%clk 00:09:49]} {[%emt 00:01:08]} Qxd2 {[%clk 00:20:25]} {[%emt 00:00:04]} 52.
Qf1 {[%clk 00:08:20]} {[%emt 00:01:59]} Qe3 {[%clk 00:20:12]} {[%emt 00:00:43]}
53. g3 {[%clk 00:07:07]} {[%emt 00:01:43]} Qxe4+ {[%clk 00:19:28]} {[%emt
00:01:15]} 54. Qg2 {[%clk 00:06:32]} {[%emt 00:01:05]} Qb1+ {[%clk 00:19:47]}
{[%emt 00:00:10]} 55. Qg1 {[%clk 00:06:59]} {[%emt 00:00:03]} Qxb3 {[%clk
00:20:04]} {[%emt 00:00:12]} 56. Ra1 {[%clk 00:06:00]} {[%emt 00:01:29]} Qxd5+
{[%clk 00:17:38]} {[%emt 00:02:57]} 57. Qg2 {[%clk 00:06:30]} {[%emt 00:00:01]}
Qd3 {[%clk 00:12:02]} {[%emt 00:06:05]} 58. Re1 {[%clk 00:06:24]} {[%emt
00:00:36]} Kf7 {[%clk 00:12:28]} {[%emt 00:00:04]} 59. Qb7 {[%clk 00:05:34]}
{[%emt 00:01:19]} Kg6 {[%clk 00:12:35]} {[%emt 00:00:24]} 60. Qg2 {[%clk
00:04:14]} {[%emt 00:01:49]} e5 {[%clk 00:12:27]} {[%emt 00:00:39]} 61. fxe5
{[%clk 00:04:07]} {[%emt 00:00:37]} fxe5 {[%clk 00:12:17]} {[%emt 00:00:40]} 62.
Qa8 {[%clk 00:03:21]} {[%emt 00:01:15]} Nf6 {[%clk 00:12:36]} {[%emt 00:00:11]}
63. Qg2 {[%clk 00:02:26]} {[%emt 00:01:25]} c4 {[%clk 00:11:29]} {[%emt
00:01:37]} 64. Rf1 {[%clk 00:01:59]} {[%emt 00:00:57]} d5 {[%clk 00:11:01]}
{[%emt 00:00:59]} 65. Kh2 {[%clk 00:01:28]} {[%emt 00:01:01]} Ng4+ {[%clk
00:11:08]} {[%emt 00:00:23]} 0-1

[Event "European Chess Club Cup 2023"]
[Site "Durres, Albania"]
[Date "2023.10.07"]
[Round "7.37"]
[White "Blomqvist, Erik"]
[Black "Mikhalevski, Victor"]
[Result "1/2-1/2"]
[TimeControl "90' + 30' & 30\""]
[WhiteElo "2509"]
[BlackElo "2527"]

1. e4 {[%clk 01:30:56]} {[%emt 00:00:03]} e5 {[%clk 01:30:55]} {[%emt
00:00:06]} 2. Nf3 {[%clk 01:31:20]} {[%emt 00:00:06]} Nc6 {[%clk 01:31:21]}
{[%emt 00:00:05]} 3. Bb5 {[%clk 01:31:37]} {[%emt 00:00:12]} a6 {[%clk
01:31:31]} {[%emt 00:00:21]} 4. Ba4 {[%clk 01:31:49]} {[%emt 00:00:16]} b5
{[%clk 01:31:35]} {[%emt 00:00:27]} 5. Bb3 {[%clk 01:32:05]} {[%emt 00:00:14]}
Na5 {[%clk 01:32:00]} {[%emt 00:00:06]} 6. Nc3 {[%clk 01:31:48]} {[%emt
00:00:46]} d6 {[%clk 01:32:08]} {[%emt 00:00:23]} 7. d4 {[%clk 01:31:50]}
{[%emt 00:00:27]} exd4 {[%clk 01:32:28]} {[%emt 00:00:10]} 8. Qxd4 {[%clk
01:32:10]} {[%emt 00:00:10]} Ne7 {[%clk 01:32:36]} {[%emt 00:00:23]} 9. Bg5
{[%clk 01:24:21]} {[%emt 00:08:19]} c5 {[%clk 01:25:34]} {[%emt 00:07:32]} 10.
Qe3 {[%clk 01:18:05]} {[%emt 00:06:45]} c4 {[%clk 01:24:54]} {[%emt 00:01:10]}
11. O-O-O {[%clk 01:17:07]} {[%emt 00:01:28]} cxb3 {[%clk 01:21:58]} {[%emt
00:03:27]} 12. axb3 {[%clk 01:17:18]} {[%emt 00:00:19]} Be6 {[%clk 01:15:02]}
{[%emt 00:07:25]} 13. Nd4 {[%clk 01:14:54]} {[%emt 00:02:55]} Qb6 {[%clk
01:04:41]} {[%emt 00:10:51]} 14. Kb1 {[%clk 01:08:43]} {[%emt 00:06:40]} O-O-O
{[%clk 01:03:06]} {[%emt 00:02:05]} 15. Qg3 {[%clk 00:52:51]} {[%emt 00:16:22]}
Re8 {[%clk 00:46:21]} {[%emt 00:17:14]} 16. Rhe1 {[%clk 00:39:35]} {[%emt
00:13:47]} Nb7 {[%clk 00:32:40]} {[%emt 00:14:11]} 17. Nd5 {[%clk 00:23:53]}
{[%emt 00:16:12]} Nxd5 {[%clk 00:31:28]} {[%emt 00:01:42]} 18. exd5 {[%clk
00:24:16]} {[%emt 00:00:07]} Bd7 {[%clk 00:31:56]} {[%emt 00:00:03]} 19. Rxe8+
{[%clk 00:16:04]} {[%emt 00:08:42]} Bxe8 {[%clk 00:32:12]} {[%emt 00:00:14]} 20.
b4 {[%clk 00:16:24]} {[%emt 00:00:10]} a5 {[%emt 00:10:39]} 21. Qa3 {[%clk
00:10:38]} Kb8 {[%clk 00:27:01]} {[%emt 00:01:47]} 22. Qe3 {[%clk 00:08:30]}
{[%emt 00:02:36]} Bd7 {[%clk 00:25:13]} {[%emt 00:02:20]} 23. Nc6+ {[%clk
00:05:36]} {[%emt 00:03:23]} Kc7 {[%clk 00:25:39]} {[%emt 00:00:04]} 24. Qxb6+
{[%clk 00:05:37]} {[%emt 00:00:30]} Kxb6 {[%clk 00:26:08]} {[%emt 00:00:01]} 25.
bxa5+ {[%clk 00:05:55]} {[%emt 00:00:12]} Kc7 {[%clk 00:26:26]} {[%emt
00:00:12]} 26. a6 {[%clk 00:05:44]} {[%emt 00:00:40]} Nc5 {[%clk 00:26:37]}
{[%emt 00:00:19]} 27. Bd8+ {[%clk 00:02:00]} {[%emt 00:04:14]} Kc8 {[%clk
00:27:03]} {[%emt 00:00:05]} 28. a7 {[%clk 00:02:25]} {[%emt 00:00:05]} Kb7
{[%clk 00:27:27]} {[%emt 00:00:06]} 29. Bb6 {[%clk 00:02:38]} {[%emt 00:00:16]}
g6 {[%clk 00:12:50]} {[%emt 00:15:07]} 30. Bxc5 {[%clk 00:01:43]} {[%emt
00:01:25]} dxc5 {[%clk 00:12:59]} {[%emt 00:00:21]} 31. Ne5 {[%clk 00:02:03]}
{[%emt 00:00:09]} Bf5 {[%clk 00:10:50]} {[%emt 00:02:40]} 32. d6 {[%clk
00:01:05]} {[%emt 00:01:29]} Bg7 {[%clk 00:10:20]} {[%emt 00:01:00]} 33. Nxf7
{[%clk 00:00:48]} {[%emt 00:00:47]} Bd7 {[%clk 00:10:23]} {[%emt 00:00:27]} 34.
Nxh8 {[%clk 00:01:06]} {[%emt 00:00:11]} Bxh8 {[%clk 00:10:51]} {[%emt
00:00:01]} 35. Rd5 {[%clk 00:01:02]} {[%emt 00:00:34]} Bf6 {[%clk 00:09:49]}
{[%emt 00:01:32]} 36. Rxc5 {[%clk 00:00:37]} {[%emt 00:00:56]} Bd8 {[%clk
00:10:15]} {[%emt 00:00:04]} 37. Rc3 {[%clk 00:00:50]} {[%emt 00:00:16]} Bb6
{[%clk 00:07:49]} {[%emt 00:02:57]} 38. Rf3 {[%clk 00:00:44]} {[%emt 00:00:36]}
Bxa7 {[%clk 00:08:18]} {[%emt 00:00:02]} 39. Rf7 {[%clk 00:00:49]} {[%emt
00:00:23]} Kc6 {[%clk 00:08:47]} {[%emt 00:00:02]} 40. f3 {[%clk 00:00:33]}
{[%emt 00:00:46]} Kxd6 {[%clk 00:00:43]} {[%emt 00:08:34]} 41. Rxh7 {[%clk
00:00:58]} {[%emt 00:00:05]} Bd4 {[%clk 00:30:01]} {[%emt 00:01:12]} 42. h4
{[%clk 00:28:00]} {[%emt 00:03:28]} Be8 {[%clk 00:27:22]} {[%emt 00:03:09]} 43.
c3 {[%clk 00:27:45]} {[%emt 00:00:45]} Be5 {[%clk 00:26:22]} {[%emt 00:01:30]}
44. Kc2 {[%clk 00:24:11]} {[%emt 00:04:04]} Bg3 {[%clk 00:19:26]} {[%emt
00:07:26]} 45. Kd3 {[%clk 00:24:06]} {[%emt 00:00:33]} Bd7 {[%clk 00:17:22]}
{[%emt 00:02:36]} 46. Ke3 {[%clk 00:24:00]} {[%emt 00:00:34]} Bf5 {[%clk
00:15:25]} {[%emt 00:02:29]} 47. f4 {[%clk 00:22:27]} {[%emt 00:02:03]} Bg4
{[%clk 00:14:49]} {[%emt 00:01:07]} 48. Rb7 {[%clk 00:20:16]} {[%emt 00:02:40]}
Bd7 {[%clk 00:15:00]} {[%emt 00:00:20]} 49. Rb6+ {[%clk 00:15:05]} {[%emt
00:05:40]} Bc6 {[%clk 00:15:20]} {[%emt 00:00:10]} 50. Rb8 {[%clk 00:14:04]}
{[%emt 00:01:31]} Ke6 {[%clk 00:10:29]} {[%emt 00:05:21]} 51. Rc8 {[%clk
00:12:14]} {[%emt 00:02:18]} Bxg2 {[%clk 00:07:56]} {[%emt 00:03:05]} 52. Rc5
{[%clk 00:12:26]} {[%emt 00:00:18]} Bxh4 {[%clk 00:07:35]} {[%emt 00:00:52]} 53.
Rxb5 {[%clk 00:12:43]} {[%emt 00:00:13]} Bf6 {[%clk 00:07:56]} {[%emt
00:00:08]} 54. c4 {[%clk 00:12:41]} {[%emt 00:00:31]} Kd7 {[%clk 00:04:25]}
{[%emt 00:04:02]} 55. b4 {[%clk 00:11:22]} {[%emt 00:01:48]} Bf1 {[%clk
00:03:30]} {[%emt 00:01:26]} 56. Rb7+ {[%clk 00:06:49]} {[%emt 00:05:02]} Kc6
{[%clk 00:02:38]} {[%emt 00:01:23]} 57. Rf7 {[%clk 00:07:04]} {[%emt 00:00:15]}
Bc3 {[%clk 00:01:50]} {[%emt 00:01:19]} 58. b5+ {[%clk 00:05:24]} {[%emt
00:02:10]} Kb6 {[%clk 00:02:19]} 59. f5 {[%clk 00:02:09]} {[%emt 00:03:44]}
Bxc4 {[%clk 00:02:09]} {[%emt 00:00:39]} 60. fxg6 {[%clk 00:02:33]} {[%emt
00:00:07]} Bxf7 {[%clk 00:02:36]} {[%emt 00:00:04]} 1/2-1/2

[Event "European Chess Club Cup 2023"]
[Site "Durres, Albania"]
[Date "2023.10.07"]
[Round "7.38"]
[White "Kobo, Ori"]
[Black "Seo, Jung Min"]
[Result "1/2-1/2"]
[TimeControl "90' + 30' & 30\""]
[WhiteElo "2551"]
[BlackElo "2466"]

1. Nf3 {[%clk 01:30:37]} {[%emt 00:00:22]} Nf6 {[%clk 01:30:58]} {[%emt
00:00:03]} 2. c4 {[%clk 01:30:40]} {[%emt 00:00:26]} e6 {[%clk 01:30:24]}
{[%emt 00:01:04]} 3. g3 {[%clk 01:30:03]} {[%emt 00:01:06]} d5 {[%clk
01:29:58]} {[%emt 00:00:57]} 4. d4 {[%clk 01:30:10]} {[%emt 00:00:23]} Bb4+
{[%clk 01:26:01]} {[%emt 00:04:27]} 5. Bd2 {[%clk 01:27:27]} {[%emt 00:03:07]}
Be7 {[%clk 01:26:16]} {[%emt 00:00:21]} 6. Bg2 {[%clk 01:27:43]} {[%emt
00:00:14]} O-O {[%clk 01:26:38]} {[%emt 00:00:08]} 7. Qc2 {[%clk 01:27:38]}
{[%emt 00:00:34]} Nbd7 {[%clk 01:26:59]} {[%emt 00:00:10]} 8. O-O {[%clk
01:27:20]} {[%emt 00:00:46]} c6 {[%clk 01:27:16]} {[%emt 00:00:15]} 9. Rd1
{[%clk 01:25:20]} {[%emt 00:02:30]} b6 {[%clk 01:26:48]} {[%emt 00:00:59]} 10.
Ne5 {[%clk 01:18:09]} {[%emt 00:07:40]} Nxe5 {[%clk 01:17:32]} {[%emt
00:09:47]} 11. dxe5 {[%clk 01:16:35]} {[%emt 00:02:03]} Ng4 {[%clk 01:17:40]}
{[%emt 00:00:23]} 12. cxd5 {[%clk 01:14:16]} {[%emt 00:02:48]} cxd5 {[%clk
01:17:43]} {[%emt 00:00:27]} 13. e4 {[%clk 01:02:54]} {[%emt 00:11:50]} Bc5
{[%clk 00:59:03]} {[%emt 00:19:13]} 14. Be1 {[%clk 01:03:17]} {[%emt 00:00:06]}
d4 {[%clk 00:59:25]} {[%emt 00:00:09]} 15. b4 {[%clk 01:02:34]} {[%emt
00:01:12]} Be7 {[%clk 00:59:29]} {[%emt 00:00:26]} 16. h3 {[%clk 00:47:25]}
{[%emt 00:15:39]} Nxe5 {[%clk 00:58:25]} {[%emt 00:01:34]} 17. f4 {[%clk
00:47:54]} {[%emt 00:00:02]} Ng6 {[%clk 00:54:21]} {[%emt 00:04:34]} 18. e5
{[%clk 00:46:40]} {[%emt 00:01:43]} Rb8 {[%clk 00:46:46]} {[%emt 00:08:05]} 19.
Na3 {[%clk 00:33:07]} {[%emt 00:14:04]} Ba6 {[%clk 00:38:05]} {[%emt 00:09:11]}
20. Qe4 {[%clk 00:29:58]} {[%emt 00:03:37]} Bb7 {[%clk 00:38:14]} {[%emt
00:00:22]} 21. Qxd4 {[%clk 00:27:46]} {[%emt 00:02:42]} Bxg2 {[%clk 00:36:44]}
{[%emt 00:02:01]} 22. Qxd8 {[%clk 00:24:41]} {[%emt 00:03:34]} Rfxd8 {[%clk
00:37:00]} {[%emt 00:00:15]} 23. Kxg2 {[%clk 00:25:05]} {[%emt 00:00:05]} a5
{[%clk 00:35:51]} {[%emt 00:01:39]} 24. Rxd8+ {[%clk 00:19:02]} {[%emt
00:06:34]} Rxd8 {[%clk 00:36:16]} {[%emt 00:00:05]} 25. Rb1 {[%clk 00:19:19]}
{[%emt 00:00:12]} axb4 {[%clk 00:36:35]} {[%emt 00:00:11]} 26. Bxb4 {[%clk
00:19:38]} {[%emt 00:00:11]} Bxb4 {[%clk 00:36:35]} {[%emt 00:00:31]} 27. Rxb4
{[%clk 00:20:07]} {[%emt 00:00:01]} Rd2+ {[%clk 00:36:42]} {[%emt 00:00:23]} 28.
Kg1 {[%clk 00:20:17]} {[%emt 00:00:19]} Rxa2 {[%clk 00:34:42]} {[%emt
00:02:30]} 29. Nc4 {[%clk 00:20:41]} {[%emt 00:00:06]} h5 {[%clk 00:34:47]}
{[%emt 00:00:26]} 30. h4 {[%clk 00:18:13]} {[%emt 00:02:58]} Ne7 {[%clk
00:28:38]} {[%emt 00:06:38]} 31. Rxb6 {[%clk 00:17:46]} {[%emt 00:00:56]} Nf5
{[%clk 00:28:57]} {[%emt 00:00:12]} 32. Rb3 {[%clk 00:16:23]} {[%emt 00:01:53]}
Kh7 {[%clk 00:28:22]} {[%emt 00:01:06]} 33. Rd3 {[%clk 00:12:18]} {[%emt
00:04:35]} Kg6 {[%clk 00:28:40]} {[%emt 00:00:11]} 34. Nd6 {[%clk 00:12:33]}
{[%emt 00:00:15]} Re2 {[%clk 00:28:27]} {[%emt 00:00:42]} 35. Kf1 {[%clk
00:12:03]} {[%emt 00:01:01]} Ra2 {[%clk 00:27:21]} {[%emt 00:01:35]} 36. Nxf5
{[%clk 00:10:17]} {[%emt 00:02:18]} Kxf5 {[%clk 00:27:36]} {[%emt 00:00:15]} 37.
Rd7 {[%clk 00:10:39]} {[%emt 00:00:07]} Kg6 {[%clk 00:27:48]} {[%emt 00:00:19]}
38. Re7 {[%clk 00:09:40]} {[%emt 00:01:28]} Ra1+ {[%clk 00:28:02]} {[%emt
00:00:16]} 39. Kg2 {[%clk 00:09:54]} {[%emt 00:00:16]} Ra2+ {[%clk 00:28:29]}
{[%emt 00:00:03]} 40. Kf3 {[%clk 00:10:12]} {[%emt 00:00:13]} Ra3+ {[%clk
00:28:55]} {[%emt 00:00:04]} 41. Ke4 {[%emt 00:00:09]} 1/2-1/2

[Event "European Chess Club Cup 2023"]
[Site "Durres, Albania"]
[Date "2023.10.07"]
[Round "7.39"]
[White "Trost, Edvin"]
[Black "Steinberg, Nitzan"]
[Result "1/2-1/2"]
[TimeControl "90' + 30' & 30\""]
[WhiteElo "2442"]
[BlackElo "2543"]

1. e4 c5 2. Nf3 d6 3. d4 cxd4 4. Nxd4 Nf6 5. Nc3 a6 6. Be3 Ng4 7. Bc1 Nf6 8.
Be3 Ng4 9. Bc1 Nf6 10. Be3 Ng4 1/2-1/2

[Event "European Chess Club Cup 2023"]
[Site "Durres, Albania"]
[Date "2023.10.07"]
[Round "7.40"]
[White "Greenfeld, Alon"]
[Black "Barkhagen, Jonas"]
[Result "1/2-1/2"]
[TimeControl "90' + 30' & 30\""]
[WhiteElo "2455"]
[BlackElo "2425"]

1. Nf3 {[%clk 01:28:44]} {[%emt 00:02:15]} d5 {[%clk 01:30:37]} {[%emt
00:00:24]} 2. d4 {[%clk 01:27:53]} {[%emt 00:01:20]} c6 {[%clk 01:30:44]}
{[%emt 00:00:22]} 3. c4 {[%clk 01:22:02]} {[%emt 00:06:22]} Nf6 {[%clk
01:31:07]} {[%emt 00:00:06]} 4. Nc3 {[%clk 01:21:34]} {[%emt 00:00:58]} dxc4
{[%clk 01:31:04]} {[%emt 00:00:34]} 5. a4 {[%clk 01:15:06]} {[%emt 00:06:58]}
e6 {[%clk 01:30:59]} {[%emt 00:00:35]} 6. e3 {[%clk 01:07:44]} {[%emt
00:07:52]} c5 {[%clk 01:31:17]} {[%emt 00:00:12]} 7. Bxc4 {[%clk 01:08:10]}
{[%emt 00:00:04]} Nc6 {[%clk 01:31:41]} {[%emt 00:00:05]} 8. O-O {[%clk
01:08:20]} {[%emt 00:00:21]} cxd4 {[%clk 01:31:55]} {[%emt 00:00:15]} 9. exd4
{[%clk 01:07:12]} {[%emt 00:01:39]} Be7 {[%clk 01:32:18]} {[%emt 00:00:06]} 10.
Qe2 {[%clk 01:07:36]} {[%emt 00:00:08]} O-O {[%clk 01:29:34]} {[%emt 00:03:13]}
11. Rd1 {[%clk 01:07:17]} {[%emt 00:00:48]} Nb4 {[%clk 01:27:43]} {[%emt
00:02:21]} 12. a5 {[%clk 00:49:36]} {[%emt 00:18:11]} Bd7 {[%clk 01:19:29]}
{[%emt 00:08:43]} 13. Ne5 {[%clk 00:49:52]} {[%emt 00:00:15]} Be8 {[%clk
01:03:53]} {[%emt 00:16:06]} 14. Bf4 {[%clk 00:35:10]} {[%emt 00:15:13]} a6
{[%clk 00:54:50]} {[%emt 00:09:32]} 15. Qf3 {[%clk 00:32:31]} {[%emt 00:03:10]}
Bc6 {[%clk 00:53:46]} {[%emt 00:01:32]} 16. Nxc6 {[%clk 00:32:54]} {[%emt
00:00:08]} bxc6 {[%clk 00:54:10]} {[%emt 00:00:06]} 17. Qe2 {[%clk 00:31:28]}
{[%emt 00:01:57]} Nfd5 {[%clk 00:46:26]} {[%emt 00:08:14]} 18. Be5 {[%clk
00:30:30]} {[%emt 00:01:28]} Nxc3 {[%clk 00:44:18]} {[%emt 00:02:37]} 19. bxc3
{[%clk 00:30:50]} {[%emt 00:00:11]} Nd5 {[%clk 00:44:41]} {[%emt 00:00:07]} 20.
Rd3 {[%clk 00:25:32]} {[%emt 00:05:47]} Bd6 {[%clk 00:38:59]} {[%emt 00:06:12]}
21. Rg3 {[%clk 00:25:50]} {[%emt 00:00:12]} Bxe5 {[%clk 00:37:42]} {[%emt
00:01:47]} 22. dxe5 {[%clk 00:26:13]} {[%emt 00:00:08]} Ne7 {[%clk 00:24:02]}
{[%emt 00:14:10]} 23. Bxa6 {[%clk 00:19:45]} {[%emt 00:06:58]} Ra7 {[%clk
00:15:42]} {[%emt 00:08:49]} 24. h4 {[%clk 00:14:01]} {[%emt 00:06:15]} Qa8
{[%clk 00:15:08]} {[%emt 00:01:04]} 25. Bd3 {[%clk 00:14:14]} {[%emt 00:00:17]}
Rxa5 {[%clk 00:14:54]} {[%emt 00:00:43]} 26. Re1 {[%clk 00:11:23]} {[%emt
00:03:21]} Ra1 {[%clk 00:11:42]} {[%emt 00:03:42]} 27. h5 {[%clk 00:11:08]}
{[%emt 00:00:47]} Rxe1+ {[%clk 00:07:14]} {[%emt 00:04:58]} 28. Qxe1 {[%clk
00:11:36]} {[%emt 00:00:01]} Qd8 {[%clk 00:03:19]} {[%emt 00:04:25]} 29. Qb1
{[%clk 00:08:13]} {[%emt 00:03:53]} h6 {[%clk 00:02:56]} {[%emt 00:00:52]} 30.
Qc1 {[%clk 00:08:33]} {[%emt 00:00:11]} Kh8 {[%clk 00:03:19]} {[%emt 00:00:06]}
31. Qf4 {[%clk 00:08:34]} {[%emt 00:00:30]} Qd5 {[%clk 00:02:42]} {[%emt
00:01:07]} 32. Kh2 {[%clk 00:06:49]} {[%emt 00:02:15]} c5 {[%clk 00:02:24]}
{[%emt 00:00:48]} 33. Bc2 {[%clk 00:03:46]} {[%emt 00:03:33]} Nc6 {[%clk
00:01:38]} {[%emt 00:01:16]} 34. Re3 {[%clk 00:02:40]} {[%emt 00:01:36]} f5
{[%clk 00:01:03]} {[%emt 00:01:05]} 35. exf6 {[%clk 00:02:32]} {[%emt
00:00:39]} Rxf6 {[%clk 00:01:25]} {[%emt 00:00:07]} 36. Qe4 {[%clk 00:02:43]}
{[%emt 00:00:18]} Qxh5+ {[%clk 00:01:23]} {[%emt 00:00:33]} 37. Kg1 {[%clk
00:02:05]} {[%emt 00:01:09]} Qf5 {[%clk 00:01:48]} {[%emt 00:00:04]} 38. Qxf5
{[%clk 00:02:23]} {[%emt 00:00:12]} exf5 {[%clk 00:02:12]} {[%emt 00:00:06]} 39.
Re8+ {[%clk 00:01:46]} {[%emt 00:01:07]} Kh7 {[%clk 00:02:36]} {[%emt
00:00:06]} 40. Rc8 {[%clk 00:01:41]} {[%emt 00:00:35]} Kg6 {[%clk 00:00:45]}
{[%emt 00:02:20]} 41. Ba4 {[%clk 00:27:03]} {[%emt 00:05:08]} Ne7 {[%clk
00:30:39]} {[%emt 00:00:36]} 42. Rxc5 {[%clk 00:26:54]} {[%emt 00:00:39]}
1/2-1/2